000 00348nam a2200133 i 4500
001 bg
100 1 _aMAJOR, Aleksander.
245 1 0 _aDynamics in civil engineering.
_nVol. 3,
_pFundations for high /
_cAleksander Major.
260 _aBudapest,
_c1980.
040 _cBPK
041 _apol
942 _cKS
008 s pl f |000 0 pol
999 _c20494
_d20494
856 _uhttp://koha.tu.koszalin.pl/cgi-bin/koha/opac-detail.pl?biblionumber=20494
_yKatalog online BPK